000 00785nam a2200181Ia 4500
008 090124s9999 xx 000 0 und d
082 _b45225
100 _aपांडे सुरुचि
245 _a संस्कृत साहित्याचा इतिहास भाग 1 (वेद व वेदांगे)
250 _a1
260 _c1999
300 _a100
600 _aपांडे सुरुचि
630 _a संस्कृत साहित्याचा इतिहास भाग 1 (वेद व वेदांगे)
700 _aपांडे सुरुचि
730 _a संस्कृत साहित्याचा इतिहास भाग 1 (वेद व वेदांगे)
942 _cBOOK
999 _c111455
_d111455